000 00387nam a2200145Ia 4500
008 220217s9999||||xx |||||||||||||| ||und||
020 _a81-7867-119-0
082 _a005.74 NEI
100 _aO' Neil, Patrick
_92643
245 0 _aDatabase principles programming
250 _a2nd
260 _aHarcourt
_bNew Delhi
_c2002
300 _b400
650 _aDATA FILES & DATABASE
_9695
999 _c169522
_d169522